| 000 | 00771nam a2200205 i 4500 | ||
|---|---|---|---|
| 001 | 135223 | ||
| 003 | ES-MaACL | ||
| 005 | 20250808000924.0 | ||
| 007 | t| | ||
| 008 | 070712s1961 sp ||||1| lat d | ||
| 100 | 0 |
_aTomás de Aquino, _cSanto _9110514 |
|
| 245 | 1 | 0 |
_aSumma theológica _b: I prima par, II prima secundae / _cSancti Thomae Aquinatis ; cura fratrum eiusdem ordinis. |
| 250 | _a3ª ed. | ||
| 260 |
_aMatriti : _bBiblioteca de Autores Cristianos, _c1961. |
||
| 300 |
_a2 v. ; _c24 cm. |
||
| 490 | 1 |
_aBiblioteca de autores cristianos. Sección II. Teología y Cánones ; _v77, 80 |
|
| 830 | 0 | 0 |
_aBiblioteca de autores cristianos. _pTeología y cánones _v77, 80 _9229617 |
| 852 |
_aES-MaACL _jP-506-bis _bR.49120 |
||
| 999 |
_c135223 _d135223 |
||